000 00296nam a2200121Ia 4500
008 220216s9999 xx 000 0 und d
100 _aYoung D
245 0 _aLatex foam at the triennale di milano
260 _bRubber Developments
_c1957
300 _a66-73
650 _aLatex foam
942 _cJS
999 _c62030
_d62030